Sukses dalam pergaulan / (Record no. 87085)

MARC details
000 -LEADER
fixed length control field 00576cam a22002291a 4500
001 - CONTROL NUMBER
control field sa 68016421
003 - CONTROL NUMBER IDENTIFIER
control field DLC
005 - DATE AND TIME OF LATEST TRANSACTION
control field 20260227112654.0
008 - FIXED-LENGTH DATA ELEMENTS--GENERAL INFORMATION
fixed length control field 830328s1966 io 000 0 ind
010 ## - LIBRARY OF CONGRESS CONTROL NUMBER
LC control number sa 68016421
035 ## - SYSTEM CONTROL NUMBER
System control number (OCoLC)9352389
040 ## - CATALOGING SOURCE
Original cataloging agency DLC
Transcribing agency OAU
Modifying agency OAU
-- DLC
042 ## - AUTHENTICATION CODE
Authentication code premarc
043 ## - GEOGRAPHIC AREA CODE
Geographic area code a-io---
050 00 - LIBRARY OF CONGRESS CALL NUMBER
Classification number BJ2007.I5
Item number H33
100 1# - MAIN ENTRY--PERSONAL NAME
Personal name Hassan, ʻAbbas.
245 10 - TITLE STATEMENT
Title Sukses dalam pergaulan /
Statement of responsibility, etc. Abbas Hassan.
250 ## - EDITION STATEMENT
Edition statement Tjet. 1.
260 ## - PUBLICATION, DISTRIBUTION, ETC.
Place of publication, distribution, etc. Djakarta :
Name of publisher, distributor, etc. Bakti Pustaka,
Date of publication, distribution, etc. 1966.
300 ## - PHYSICAL DESCRIPTION
Extent 169 p. ;
Dimensions 18 cm.
650 #0 - SUBJECT ADDED ENTRY--TOPICAL TERM
Topical term or geographic name entry element Etiquette.

No items available.

Powered by Koha